000
00312nam a22001337a 4500
008
170731b xxu||||| |||| 00| 0 eng d
020
_a
9780201571691
041
_a
eng
080
_a
004
100
_a
32
101
_a
SHKI
245
_a
THE UNIFIED SOFTWARE DEVELOPMENT PROCESS
_c
JACOBSON, I
942
_2
udc
_c
BK
999
_c
22210
_d
22210